000 00304nam a22001457a 4500
020 _a978812647748-7
082 _a894.812.3
_bNIS/O
100 _aNISHANTH, DEEPA
245 _aOTTAMARAPPEYTH
260 _aKOTTAYAM
_bDC BOOKS
_c2019
300 _a135
520 _aNOVEL
650 _aNOVEL
942 _cBK
999 _c4777
_d4777